Mládí furt v hajzlu

Saved in:
Bibliographic Details
Main Author Payne, C.D
Format Electronic eBook
LanguageCzech
Published Jota 2012
Edition1. elektronické vydání
Subjects
Online AccessDostupné v BOOKPORT po přihlášení pomocí eduID
ISBN978-80-7462-140-6
978-80-7462-138-3
Physical Description1 online zdroj (328 stran)

Cover

LEADER 00000nam a2200000 i 4500
001 bkp184550412
003 CZ-prgp
005 20170915163547.0
006 m o d
007 cr cn
008 170915s2012 xr o 000 1 cze
020 |a 978-80-7462-140-6  |c 189 Kč  |q (online ; epub) 
020 |a 978-80-7462-138-3  |c 258 Kč  |q (print) 
040 |a Grada  |b cze  |e rda 
100 1 |a Payne, C.D. 
245 1 0 |a Mládí furt v hajzlu  |c C.D. Payne 
250 |a 1. elektronické vydání 
264 1 |b Jota  |c 2012 
300 |a 1 online zdroj (328 stran) 
336 |a text  |b txt  |2 rdacontent 
337 |a počítač  |b c  |2 rdamedia 
338 |a online zdroj  |b cr  |2 rdacarrier 
520 3 |a Deník Nickova syna Scotta Twispa Spletité a zábavné osudy rodu Twispů v deníku pubertálního potomka hlavního hrdiny série. Scottovi je patnáct a dosud nepoznal slasti sexuálního života, což je samo o sobě důvodem k depresi. Teď se ale navíc jeho naprosto trapný otec (jinak též nechvalně proslulý rozvraceč pokojných životů Nick Twisp) rozhodne, že se s celou rodinou odstěhuje do Hollywoodu, kde se hodlá stát hvězdou vlastního televizního seriálu. Scott najednou přijde o všechny své kamarády a dostatečnou útěchou mu není ani život v luxusním sídle bratrance Tylera, bývalé hvězdy amerického fotbalu a nyní multimilionáře neustále obklopeného zástupy spoře oděných krasavic. Ke všemu seženou rodiče Scottovi brigádu - má otročit jako produkční v otcově pořadu. A tady objeví světélko v temnotách - krásnou Azuru, dceru filmové hvězdy a otcova dávného soka Trenta Prestona, která se uchází o roli v seriálu. Idylka ovšem vydrží pouze do chvíle, kdy se objeví Nickova velká láska z mládí Sheeni Saundersová se synem, pohledným a neuvěřitelně okouzlujícím Frankem. City rodičů mladých hrdinů se začínají opětovně probouzet a k tomu se ještě na internetu objeví kniha z pera jistého pochybného individua jménem Vijay Joshi, která odkrývá řadu nepříjemných tajemství z jejich minulosti. A že je opravdu co číst. Zkrátka jeden průšvih za druhým. Má-li Scott konečně přijít o panictví, získat ženu svého srdce a dobýt světovou slávu, bude muset nasadit veškerou pověstnou twispovskou vynalézavost. 
650 0 4 |a Humor, satira 
856 4 0 |u https://www.bookport.cz/AccountSaml/SignIn/?idp=https://shibboleth.utb.cz/idp/shibboleth&returnUrl=/kniha/mladi-furt-v-hajzlu-3816/  |y Dostupné v BOOKPORT po přihlášení pomocí eduID